000 00451nam a2200193Ia 4500
005 20250603145422.0
008 250603s9999 xx 000 0 und d
020 _a9780194393027
050 _aPE 1128 .L59/
100 _aJohn Soar, Liz
245 0 _aNew headway: upper-intermediate
250 _a3th ed.
260 _aNew york
260 _bOxford university press
260 _c2005
300 _a85 p
650 _aNew york
942 _cBK
999 _c41801
_d41801